[Event "Titled Tuesday intern op 23rd Apr Late"]
[Site "Chess.com INT"]
[Date "2024.04.23"]
[Round "1"]
[White "Tabuenca Mendataurigoitia, Daniel"]
[Black "Rohwer, Paul"]
[Result "1-0"]
[WhiteElo "2358"]
[BlackElo "2225"]
[PlyCount "121"]
[EventDate "2024.04.23"]
[EventType "swiss (blitz)"]
[EventRounds "11"]
[EventCountry "USA"]
[SourceTitle "CB18_2024"]
[SourceDate "2024.05.01"]
[SourceVersion "1"]
[SourceVersionDate "2024.05.01"]
[SourceQuality "2"]

1. Nf3 c5 2. g3 d5 3. Bg2 Nc6 4. 0-0 Nf6 5. d3 g6 6. Nbd2 Bg7 7. e4 0-0 8. Qe2 dxe4 9. dxe4 Nd4 10. Nxd4 cxd4 11. e5 Nd5 12. Nb3 Nb6 13. Rd1 Qc7 14. Bf4 e6 15. Rxd4 Bd7 16. Rad1 Bc6 17. c3 Bxg2 18. Kxg2 Nd5 19. Nd2 h6 20. h4 Rfd8 21. Nf3 Nxf4+ 22. gxf4 Rxd4 23. Rxd4 Rd8 24. Rxd8+ Qxd8 25. Qd2 Qb6 26. b4 Qc6 27. Kg3 Bf8 28. Qd4 a6 29. Qd3 Qa4 30. Qd2 a5 31. bxa5 Qxa5 32. h5 gxh5 33. Nd4 Qa6 34. Qe2 Qxe2 35. Nxe2 Bc5 36. f3 Be3 37. Kh4 Kg7 38. Kxh5 Bf2 39. Kg4 Kg6 40. a4 h5+ 41. Kh3 Kf5 42. c4 Be3 43. Kh4 Bxf4 44. Nxf4 Kxf4 45. Kxh5 Kxe5 46. Kg5 f6+ 47. Kg6 f5 48. c5 Kd5 49. Kf6 f4 50. Kg5 Kxc5 51. Kxf4 Kd4 52. a5 Kd5 53. Kg5 e5 54. Kf5 Kd4 55. Ke6 Ke3 56. Kxe5 Kxf3 57. Kd6 Ke4 58. Kc7 Kd5 59. Kxb7 Kc5 60. a6 Kb5 61. a7 1-0

[Event "Titled Tuesday intern op 02nd Apr Early"]
[Site "Chess.com INT"]
[Date "2024.04.02"]
[Round "1"]
[White "Montano Vicente, Guadalupe"]
[Black "Tabuenca Mendataurigoitia, Daniel"]
[Result "0-1"]
[WhiteElo "1819"]
[BlackElo "2358"]
[PlyCount "72"]
[EventDate "2024.04.02"]
[EventType "swiss (blitz)"]
[EventRounds "11"]
[EventCountry "USA"]
[SourceTitle "CB15_2024"]
[SourceDate "2024.04.10"]
[SourceVersion "1"]
[SourceVersionDate "2024.04.10"]
[SourceQuality "1"]

1. d4 d6 2. c4 e5 3. Nf3 e4 4. Ng5 f5 5. Nh3 Nf6 6. g3 Be7 7. Bg2 0-0 8. 0-0 c6 9. Nc3 Be6 10. d5 Bf7 11. f3 exf3 12. exf3 cxd5 13. cxd5 Nbd7 14. f4 Qb6+ 15. Kh1 Rac8 16. Nf2 Rfe8 17. Qd3 Nc5 18. Qd4 Nfd7 19. Rb1 Bf6 20. Qc4 Ne4 21. Qxc8 Nxf2+ 22. Rxf2 Rxc8 23. Nd1 Bd4 24. Re2 Bh5 25. Re1 Nf6 26. Be3 Bxd1 27. Bxd4 Qxd4 28. Rexd1 Qb6 29. Re1 Ng4 30. h3 Ne3 31. Kh2 Rc2 32. Rg1 Rxb2 33. Rxb2 Qxb2 34. Kh1 Qxa2 35. Bf3 Qf2 36. Bg2 Qxg3 0-1

[Event "Titled Tuesday intern op 02nd Apr Late"]
[Site "Chess.com INT"]
[Date "2024.04.02"]
[Round "1"]
[White "Tabuenca Mendataurigoitia, Daniel"]
[Black "Fernandez Hernandez, Gerardo"]
[Result "1-0"]
[WhiteElo "2358"]
[BlackElo "2161"]
[PlyCount "97"]
[EventDate "2024.04.02"]
[EventType "swiss (blitz)"]
[EventRounds "11"]
[EventCountry "USA"]
[SourceTitle "CB15_2024"]
[SourceDate "2024.04.10"]
[SourceVersion "1"]
[SourceVersionDate "2024.04.10"]
[SourceQuality "1"]

1. Nf3 Nf6 2. g3 g6 3. Bg2 Bg7 4. 0-0 0-0 5. d3 d6 6. Nbd2 e5 7. e4 Nc6 8. c3 a5 9. a4 h6 10. h3 Re8 11. Re1 Be6 12. d4 exd4 13. cxd4 d5 14. e5 Ne4 15. b3 Nb4 16. Nxe4 dxe4 17. Rxe4 c5 18. Ba3 Bf5 19. Re2 cxd4 20. Bxb4 axb4 21. Qxd4 Qxd4 22. Nxd4 Bxe5 23. Rae1 f6 24. Nxf5 gxf5 25. Bxb7 Rad8 26. Kg2 Re7 27. Ba6 Rc7 28. Bc4+ Kh7 29. f4 Bc3 30. Re7+ Rxe7 31. Rxe7+ Kh8 32. h4 Rd2+ 33. Re2 Rxe2+ 34. Bxe2 Kg7 35. Bd3 Kg6 36. g4 h5 37. Bxf5+ Kh6 38. g5+ fxg5 39. hxg5+ Kg7 40. a5 Bd4 41. a6 Kf7 42. Bd3 Kg7 43. f5 Be3 44. Kg3 Bd4 45. Kh4 Bf2+ 46. Kxh5 Bd4 47. f6+ Kf7 48. Bc4+ Kf8 49. g6 1-0

[Event "Titled Tuesday intern op 02nd Apr Early"]
[Site "Chess.com INT"]
[Date "2024.04.02"]
[Round "2"]
[White "Tabuenca Mendataurigoitia, Daniel"]
[Black "Fier, Alexandr"]
[Result "0-1"]
[WhiteElo "2358"]
[BlackElo "2566"]
[PlyCount "64"]
[EventDate "2024.04.02"]
[EventType "swiss (blitz)"]
[EventRounds "11"]
[EventCountry "USA"]
[SourceTitle "CB15_2024"]
[SourceDate "2024.04.10"]
[SourceVersion "1"]
[SourceVersionDate "2024.04.10"]
[SourceQuality "1"]

1. Nf3 Nf6 2. g3 Nc6 3. Bg2 e5 4. d3 d5 5. 0-0 h5 6. Bg5 Be6 7. c3 Qd7 8. b4 a6 9. a4 Bh3 10. Nbd2 Bxg2 11. Kxg2 Nh7 12. b5 Na5 13. Nxe5 Qe6 14. Nef3 h4 15. Bxh4 f6 16. e4 g5 17. exd5 Qd7 18. Re1+ Be7 19. c4 gxh4 20. Nd4 Ng5 21. Ne6 Nxe6 22. Rxe6 0-0-0 23. bxa6 b6 24. Nb3 Nxb3 25. Qxb3 Bc5 26. a5 hxg3 27. fxg3 Qh7 28. h4 Rdg8 29. axb6 Rxg3+ 30. Kxg3 Qxh4+ 31. Kf3 Qf2+ 32. Ke4 Rh4# 0-1

[Event "Titled Tuesday intern op 27th Feb Late"]
[Site "Chess.com INT"]
[Date "2024.02.27"]
[Round "1"]
[White "Ardila, Oscar Humberto"]
[Black "Tabuenca Mendataurigoitia, Daniel"]
[Result "0-1"]
[WhiteElo "1952"]
[BlackElo "2344"]
[PlyCount "118"]
[EventDate "2024.02.27"]
[EventType "swiss (blitz)"]
[EventRounds "11"]
[EventCountry "USA"]
[SourceTitle "CB10_2024"]
[SourceDate "2024.03.06"]
[SourceVersion "1"]
[SourceVersionDate "2024.03.06"]
[SourceQuality "1"]

1. d4 d6 2. Nf3 g6 3. c4 Bg7 4. Nc3 e5 5. dxe5 dxe5 6. Qxd8+ Kxd8 7. Ng5 Nh6 8. e4 f6 9. Nf3 Nf7 10. Be3 c6 11. 0-0-0+ Kc7 12. c5 Be6 13. Nd2 Nd7 14. Bc4 Bxc4 15. Nxc4 Bh6 16. b4 Bxe3+ 17. Nxe3 a5 18. a3 axb4 19. axb4 b5 20. Kb2 Nf8 21. Ng4 f5 22. exf5 gxf5 23. Nf6 h5 24. Ra1 Ne6 25. Rhd1 Nd4 26. Rxa8 Rxa8 27. Nxh5 Rh8 28. Ng3 Rxh2 29. Rg1 Ng5 30. Nce2 f4 31. Nxd4 fxg3 32. Nf5 gxf2 33. Rf1 Rxg2 34. Kc2 Ne4 35. Kd3 Ng3 36. Nxg3 Rxg3+ 37. Ke4 Rg2 38. Kxe5 Kd7 39. Ke4 Ke6 40. Kf3 Rh2 41. Kg3 Rh5 42. Rxf2 Kd5 43. Rf6 Kc4 44. Rf4+ Kb3 45. Kg4 Rd5 46. Re4 Rd3 47. Kf4 Rc3 48. Ke5 Rc4 49. Re3+ Kxb4 50. Kd6 Rxc5 51. Re4+ Rc4 52. Re1 Ka5 53. Ra1+ Kb6 54. Ra8 Rd4+ 55. Ke5 Rd1 56. Rb8+ Kc5 57. Rc8 b4 58. Ke4 b3 59. Ke3 b2 0-1

[Event "Portimao op"]
[Site "Portimao"]
[Date "2024.02.16"]
[Round "7"]
[White "Iturrizaga Bonelli, Eduardo"]
[Black "Tabuenca Mendataurigoitia, Daniel"]
[Result "1-0"]
[WhiteElo "2602"]
[BlackElo "2344"]
[PlyCount "101"]
[EventDate "2024.02.11"]
[EventType "swiss"]
[EventRounds "9"]
[EventCountry "POR"]
[SourceTitle "CB09_2024"]
[SourceDate "2024.02.28"]
[SourceVersion "1"]
[SourceVersionDate "2024.02.28"]
[SourceQuality "1"]

1. d4 Nf6 2. c4 e6 3. Nf3 d5 4. Nc3 a6 5. cxd5 exd5 6. Bg5 Be6 7. e3 Nbd7 8. Bd3 Bd6 9. 0-0 c6 10. h3 Qc7 11. Qd2 0-0 12. Rfe1 Rfe8 13. Rac1 Rac8 14. Bf4 Nb6 15. b3 h6 16. Bb1 Rcd8 17. Bxd6 Qxd6 18. Ne5 Nfd7 19. f4 f6 20. Nf3 f5 21. Nh4 Rf8 22. Ne2 Nc8 23. Ng6 Rfe8 24. Ng3 Bf7 25. Ne5 g6 26. a4 Nf6 27. Bd3 Nb6 28. Bxa6 Re7 29. Bf1 Nbd7 30. b4 h5 31. Bd3 h4 32. Ne2 Ne4 33. Qb2 g5 34. Bxe4 fxe4 35. Nxd7 Qxd7 36. fxg5 Qf5 37. Nf4 Qxg5 38. b5 Be8 39. bxc6 Bxc6 40. a5 Ra8 41. Rc5 Rf7 42. Qf2 Qf6 43. Rb1 Raf8 44. a6 Ra8 45. axb7 Bxb7 46. Rcb5 Bc6 47. Rb6 Ra4 48. Rc1 Rc4 49. Rxc4 dxc4 50. Qc2 Ba4 51. Rb8+ 1-0

[Event "Titled Tuesday intern op 23rd Jan Late"]
[Site "Chess.com INT"]
[Date "2024.01.23"]
[Round "1"]
[White "Bokros, Albert"]
[Black "Tabuenca Mendataurigoitia, Daniel"]
[Result "0-1"]
[WhiteElo "2460"]
[BlackElo "2341"]
[PlyCount "82"]
[EventDate "2024.01.23"]
[EventType "swiss (blitz)"]
[EventRounds "11"]
[EventCountry "USA"]
[SourceTitle "CB05_2024"]
[SourceDate "2024.01.31"]
[SourceVersion "1"]
[SourceVersionDate "2024.01.31"]
[SourceQuality "1"]

1. e4 Nc6 2. Nf3 d6 3. d4 Nf6 4. Bd3 g6 5. c3 Bg7 6. h3 0-0 7. Nbd2 e5 8. d5 Ne7 9. Nf1 c6 10. c4 cxd5 11. cxd5 Nexd5 12. exd5 e4 13. Bxe4 Nxe4 14. Ne3 Qa5+ 15. Bd2 Nxd2 16. Qxd2 Qxd2+ 17. Kxd2 Bxb2 18. Rab1 Ba3 19. h4 h5 20. Ng5 b6 21. f3 Bc5 22. g4 Bxe3+ 23. Kxe3 hxg4 24. h5 gxf3 25. Rh2 f6 26. Ne4 Bf5 27. Kxf3 Rae8 28. Re1 Bxe4+ 29. Rxe4 Rxe4 30. Kxe4 Kg7 31. hxg6 Re8+ 32. Kd4 Kxg6 33. Rg2+ Kf7 34. Rh2 Rg8 35. Re2 Rg4+ 36. Kc3 f5 37. Re6 Rg6 38. Re3 f4 39. Rf3 Rg3 40. Rxg3 fxg3 41. Kd3 g2 0-1

[Event "Titled Tuesday intern op 23rd Jan Late"]
[Site "Chess.com INT"]
[Date "2024.01.23"]
[Round "3"]
[White "Hubbard, Andrew"]
[Black "Tabuenca Mendataurigoitia, Daniel"]
[Result "0-1"]
[WhiteElo "2140"]
[BlackElo "2341"]
[PlyCount "88"]
[EventDate "2024.01.23"]
[EventType "swiss (blitz)"]
[EventRounds "11"]
[EventCountry "USA"]
[SourceTitle "CB05_2024"]
[SourceDate "2024.01.31"]
[SourceVersion "1"]
[SourceVersionDate "2024.01.31"]
[SourceQuality "1"]

1. d4 d6 2. e4 Nf6 3. Nc3 e5 4. Nf3 exd4 5. Nxd4 Be7 6. Bc4 0-0 7. 0-0 c6 8. a4 d5 9. exd5 cxd5 10. Bd3 Nc6 11. Be3 Bg4 12. Qd2 Bb4 13. h3 Bh5 14. Bg5 Nxd4 15. Bxh7+ Kxh7 16. Qxd4 Bxc3 17. Qxc3 Ne4 18. Bxd8 Nxc3 19. Be7 Rfe8 20. Bc5 Ne4 21. Bd4 a6 22. f3 Ng3 23. Rfd1 Bg6 24. Bf2 Ne2+ 25. Kh2 Rad8 26. c3 Nf4 27. Rd4 Nd3 28. Bg3 Nxb2 29. Ra2 Nc4 30. h4 f6 31. Bf2 Bf7 32. g4 Rd7 33. Kg3 Rde7 34. a5 Re2 35. Ra4 Rc2 36. Rd3 Ree2 37. Bd4 g5 38. hxg5 fxg5 39. f4 Rg2+ 40. Kh3 gxf4 41. Kh4 Kg6 42. g5 Be6 43. Rb4 Rh2+ 44. Rh3 Rxh3# 0-1

[Event "Titled Tuesday intern op 23rd Jan Late"]
[Site "Chess.com INT"]
[Date "2024.01.23"]
[Round "4"]
[White "Mahdavi, Reza"]
[Black "Tabuenca Mendataurigoitia, Daniel"]
[Result "0-1"]
[WhiteElo "2312"]
[BlackElo "2341"]
[PlyCount "56"]
[EventDate "2024.01.23"]
[EventType "swiss (blitz)"]
[EventRounds "11"]
[EventCountry "USA"]
[SourceTitle "CB05_2024"]
[SourceDate "2024.01.31"]
[SourceVersion "1"]
[SourceVersionDate "2024.01.31"]
[SourceQuality "1"]

1. e4 Nc6 2. Nf3 d6 3. d4 Nf6 4. Nc3 g6 5. h3 Bg7 6. Be2 0-0 7. 0-0 e5 8. dxe5 Nxe5 9. Nxe5 dxe5 10. Bc4 c6 11. Qe2 Qe7 12. a4 a5 13. b3 Rd8 14. Ba3 Qe8 15. Rfd1 Be6 16. Bc5 Bf8 17. Rxd8 Rxd8 18. Bb6 Ra8 19. Rd1 Nd7 20. Bc7 Bb4 21. Na2 Rc8 22. Bd6 Bxd6 23. Rxd6 Bxc4 24. Qxc4 Qe7 25. Rd3 Nc5 26. Rd2 b6 27. Nc1 Rd8 28. Nd3 Rd4 0-1

[Event "Titled Tuesday intern op 16th Jan Early"]
[Site "Chess.com INT"]
[Date "2024.01.16"]
[Round "2"]
[White "Kukhmazov, Arsen"]
[Black "Tabuenca Mendataurigoitia, Daniel"]
[Result "1-0"]
[WhiteElo "2498"]
[BlackElo "2341"]
[PlyCount "85"]
[EventDate "2024.01.16"]
[EventType "swiss (blitz)"]
[EventRounds "11"]
[EventCountry "USA"]
[SourceTitle "CB04_2024"]
[SourceDate "2023.10.16"]
[SourceVersion "1"]
[SourceVersionDate "2023.10.16"]
[SourceQuality "1"]

1. d4 d6 2. Nf3 g6 3. c4 Bg7 4. Nc3 e5 5. dxe5 dxe5 6. Qxd8+ Kxd8 7. g3 f6 8. Bg2 c6 9. 0-0 Be6 10. b4 Bxc4 11. Rd1+ Kc7 12. Nd2 Be6 13. b5 c5 14. Nde4 Bf8 15. Be3 Nd7 16. Rac1 Rd8 17. b6+ axb6 18. Nb5+ Kb8 19. a4 Ne7 20. Ned6 Nc6 21. f4 Bxd6 22. Rxd6 Bb3 23. Ra1 exf4 24. Bxf4 Nde5 25. Rxf6 Rhf8 26. Rxf8 Rxf8 27. Bxc6 bxc6 28. Bxe5+ Ka8 29. Nc3 Kb7 30. a5 b5 31. a6+ Ka7 32. Bd6 Rf5 33. e4 Rf3 34. Bxc5+ Ka8 35. Rf1 Rxf1+ 36. Kxf1 b4 37. Bxb4 Bc4+ 38. Kf2 Bxa6 39. Ke3 Kb7 40. Kd4 Kc7 41. Ke5 Kd7 42. Bc5 Bd3 43. Kf6 1-0

[Event "Titled Tuesday intern op 09th Jan Early"]
[Site "Chess.com INT"]
[Date "2024.01.09"]
[Round "1"]
[White "Tabuenca Mendataurigoitia, Daniel"]
[Black "Joubert, Dantelle"]
[Result "1-0"]
[WhiteElo "2341"]
[BlackElo "1566"]
[PlyCount "75"]
[EventDate "2024.01.09"]
[EventType "swiss (blitz)"]
[EventRounds "11"]
[EventCountry "USA"]
[SourceTitle "CB03_2024"]
[SourceDate "2024.01.17"]
[SourceVersion "1"]
[SourceVersionDate "2024.01.17"]
[SourceQuality "1"]

1. Nf3 d5 2. g3 g6 3. Bg2 Bg7 4. 0-0 e5 5. d3 Ne7 6. e4 c6 7. Re1 Nd7 8. exd5 cxd5 9. c4 0-0 10. Nc3 d4 11. Ne4 Qc7 12. b4 a5 13. b5 Re8 14. Ba3 b6 15. Bd6 Qa7 16. Nfg5 Nf8 17. Qf3 Nf5 18. Bxf8 Rxf8 19. c5 bxc5 20. b6 Qxb6 21. Rab1 Qc7 22. Rec1 Ra7 23. Rxc5 Qe7 24. h4 h6 25. Nh3 Nd6 26. Nxd6 Qxd6 27. Rc6 Qa3 28. Rbc1 Bb7 29. Qd5 Bxc6 30. Rxc6 Qxd3 31. h5 Qd1+ 32. Kh2 Qxh5 33. Bf3 Qf5 34. Be4 Qd7 35. Qc4 Kh7 36. f3 f5 37. Bd5 Rd8 38. Be6 1-0

[Event "Titled Tuesday intern op 19th Dec Early"]
[Site "Chess.com INT"]
[Date "2023.12.19"]
[Round "3"]
[White "Jones, Gawain C B"]
[Black "Tabuenca Mendataurigoitia, Daniel"]
[Result "1-0"]
[WhiteElo "2618"]
[BlackElo "2343"]
[PlyCount "79"]
[EventDate "2023.12.19"]
[EventType "swiss (blitz)"]
[EventRounds "11"]
[EventCountry "USA"]
[SourceTitle "CB52_2023"]
[SourceDate "2023.12.27"]
[SourceVersion "1"]
[SourceVersionDate "2023.12.27"]
[SourceQuality "1"]

1. e4 d6 2. d4 Nf6 3. Nc3 e5 4. Nge2 exd4 5. Nxd4 Be7 6. g3 d5 7. Bg2 dxe4 8. 0-0 0-0 9. Nxe4 c6 10. Re1 Nxe4 11. Bxe4 Bf6 12. c3 Na6 13. Qc2 g6 14. Bh6 Bg7 15. Bxg7 Kxg7 16. Rad1 Qf6 17. h4 Bg4 18. f3 Bd7 19. h5 Rfd8 20. Qd2 h6 21. hxg6 fxg6 22. Kg2 Nc5 23. Rh1 h5 24. Bb1 Be6 25. b4 Bd5 26. bxc5 Bxf3+ 27. Nxf3 Rxd2+ 28. Rxd2 Rf8 29. Rd3 Qe7 30. Re1 Qxc5 31. Rd7+ Kh6 32. Ree7 Rxf3 33. Kxf3 Qxc3+ 34. Bd3 Qf6+ 35. Kg2 Qb2+ 36. Re2 Qb4 37. Rf2 Qg4 38. Rf6 Qxd7 39. Rxg6+ Kh7 40. Rd6+ 1-0

[Event "Titled Tuesday intern op 19th Dec Early"]
[Site "Chess.com INT"]
[Date "2023.12.19"]
[Round "7"]
[White "Koridze, Lile"]
[Black "Tabuenca Mendataurigoitia, Daniel"]
[Result "1-0"]
[WhiteElo "2158"]
[BlackElo "2343"]
[PlyCount "99"]
[EventDate "2023.12.19"]
[EventType "swiss (blitz)"]
[EventRounds "11"]
[EventCountry "USA"]
[SourceTitle "CB52_2023"]
[SourceDate "2023.12.27"]
[SourceVersion "1"]
[SourceVersionDate "2023.12.27"]
[SourceQuality "1"]

1. d4 d6 2. c4 e5 3. Nc3 exd4 4. Qxd4 Nc6 5. Qd1 Nf6 6. Nf3 g6 7. Bg5 Bg7 8. e3 0-0 9. Be2 h6 10. Bh4 a5 11. 0-0 Be6 12. Nd5 Nb4 13. a3 Nbxd5 14. cxd5 Bd7 15. Rc1 g5 16. Bg3 Re8 17. Qc2 Rc8 18. Qb3 b6 19. Ba6 Ra8 20. Bb5 Ne4 21. Bxd7 Qxd7 22. Qc4 Nc5 23. Nd4 a4 24. Rfe1 Bxd4 25. exd4 Nb3 26. Rcd1 Rxe1+ 27. Rxe1 Re8 28. f3 Rxe1+ 29. Bxe1 Qe7 30. Kf2 f5 31. Qxa4 Nc1 32. Qc4 Qg7 33. Qxc1 Qxd4+ 34. Kf1 Qxd5 35. Qxc7 Qd3+ 36. Kg1 Qd4+ 37. Kh1 Qe5 38. Qc3 Qe2 39. Kg1 d5 40. Qc8+ Kg7 41. Bc3+ Kg6 42. Qc6+ Kh5 43. Qxd5 f4 44. Qd2 Qe6 45. g3 fxg3 46. hxg3 Qc4 47. Kg2 g4 48. fxg4+ Kxg4 49. Qd7+ Kh5 50. Qf5# 1-0

[Event "Wch U14"]
[Site "Montesilvano"]
[Date "2023.11.22"]
[Round "9"]
[White "Tabuenca Mendataurigoitia, Daniel"]
[Black "Haug, Havard"]
[Result "0-1"]
[WhiteElo "2383"]
[BlackElo "2223"]
[PlyCount "154"]
[EventDate "2023.11.13"]
[EventType "swiss"]
[EventRounds "11"]
[EventCountry "ITA"]
[SourceTitle "CB48_2023"]
[SourceDate "2023.11.29"]
[SourceVersion "1"]
[SourceVersionDate "2023.11.29"]
[SourceQuality "1"]

1. e4 c6 2. d4 d5 3. e5 c5 4. Nf3 Bg4 5. dxc5 Nc6 6. c3 e6 7. Be3 a6 8. Nbd2 Nxe5 9. Be2 Nc6 10. h3 Bh5 11. 0-0 Nf6 12. b4 Be7 13. Qb3 0-0 14. Rfe1 Qc7 15. Rad1 Rad8 16. Bg5 Bg6 17. a3 h6 18. Bxf6 Bxf6 19. c4 Ne7 20. Bd3 dxc4 21. Nxc4 Bxd3 22. Rxd3 Rxd3 23. Qxd3 Rd8 24. Qe2 Nd5 25. g3 g6 26. Nfd2 b6 27. cxb6 Nxb6 28. Ne3 Qc6 29. Ng4 Bg7 30. Nf3 Nd5 31. Nfe5 Qc7 32. Nd3 Qc3 33. Nge5 Re8 34. Nc5 Qxa3 35. Ned3 Nxb4 36. Nxb4 Qxb4 37. Nxa6 Qb6 38. Qc4 Bf8 39. Ra1 Rd8 40. Qc7 Qb2 41. Rf1 Rd2 42. Nb8 Qf6 43. Qc8 Qd8 44. Qxd8 Rxd8 45. Nc6 Rd2 46. Rc1 Bd6 47. Na5 Ra2 48. Nb3 Be5 49. Rd1 Bc7 50. Rd2 Rxd2 51. Nxd2 Kg7 52. Kg2 f5 53. f4 Kf6 54. Kf3 g5 55. Nc4 h5 56. h4 gxh4 57. gxh4 Bd8 58. Ne5 Kg7 59. Kg3 Ba5 60. Nf3 Kf6 61. Kf2 Bc7 62. Ke3 Bb6+ 63. Ke2 Ke7 64. Ng5 Kd6 65. Kf3 Ba5 66. Kf2 Kd5 67. Nh7 Bd8 68. Kg3 Be7 69. Ng5 Bb4 70. Nh7 Be7 71. Kh3 e5 72. fxe5 Kxe5 73. Kg3 f4+ 74. Kf3 Kf5 75. Kg2 Kg4 76. Kf2 Bxh4+ 77. Kg2 Be7 0-1

[Event "Titled Tuesday intern op 14th Nov Early"]
[Site "Chess.com INT"]
[Date "2023.11.14"]
[Round "7"]
[White "Tabuenca Mendataurigoitia, Daniel"]
[Black "Harshavardhan, GB."]
[Result "1-0"]
[WhiteElo "2383"]
[BlackElo "2390"]
[PlyCount "153"]
[EventDate "2023.11.14"]
[EventType "swiss (blitz)"]
[EventRounds "11"]
[EventCountry "USA"]
[SourceTitle "CB47_2023"]
[SourceDate "2023.11.22"]
[SourceVersion "1"]
[SourceVersionDate "2023.11.22"]
[SourceQuality "1"]

1. Nf3 Nf6 2. g3 g6 3. Bg2 Bg7 4. 0-0 0-0 5. c4 d6 6. d4 Nbd7 7. Nc3 e5 8. dxe5 dxe5 9. Qc2 c6 10. b3 Qe7 11. a4 Rd8 12. Ba3 Qe8 13. Rad1 e4 14. Ng5 e3 15. f4 Nf8 16. Rxd8 Qxd8 17. Rd1 Qe8 18. Nce4 Bf5 19. Nxf6+ Bxf6 20. Be4 Bxg5 21. Bxf5 Bf6 22. Bh3 Ne6 23. Rd3 Nd4 24. Qd1 Rd8 25. Bc5 Nxe2+ 26. Qxe2 Rxd3 27. Qxd3 e2 28. Bf2 e1Q+ 29. Bxe1 Qxe1+ 30. Bf1 c5 31. Kg2 Bd4 32. Be2 Qf2+ 33. Kh3 f5 34. Bf3 Kg7 35. Bxb7 Qe1 36. Bf3 Kf6 37. Qe2 Qc3 38. Bd5 Be3 39. a5 h5 40. a6 Ke7 41. Qa2 h4 42. Qa4 hxg3 43. Qc6 Qh8+ 44. Kxg3 Bxf4+ 45. Kxf4 Qxh2+ 46. Ke3 Qg1+ 47. Kd2 Qd4+ 48. Kc2 Qf2+ 49. Kb1 Qe1+ 50. Kb2 Qd2+ 51. Ka3 Qc1+ 52. Ka4 Qe3 53. Qc7+ Kf6 54. Qxa7 Qe1 55. Qb6+ Kg5 56. a7 Qa1+ 57. Kb5 f4 58. a8Q Qxa8 59. Bxa8 f3 60. Qxc5+ Kf4 61. Qf8+ Ke3 62. Qxf3+ Kd2 63. Be4 g5 64. Qd3+ Ke1 65. Bf3 Kf2 66. Qe2+ Kg3 67. Qg2+ Kf4 68. Qg4+ Ke3 69. Qxg5+ Kf2 70. c5 Kxf3 71. c6 Ke4 72. c7 Kd3 73. c8Q Ke2 74. Qe6+ Kf3 75. Qgf5+ Kg3 76. Qeg6+ Kh4 77. Qfh5# 1-0